Capitals of ASEAN - Statistics

General Stats
  • This quiz has been taken 17 times
  • The average score is 8 of 10
Answer Stats
Country Capital % Correct
Indonesia Jakarta
100%
Thailand Bangkok
90%
Malaysia Kuala Lumpur
90%
Singapore Singapore
90%
Vietnam Hanoi
80%
Philippines Manila
80%
Cambodia Phnom Penh
80%
Laos Vientiane
80%
Brunei Bandar Seri Begawan
70%
Myanmar Naypyidaw
70%
No matching quizzes found
Score Distribution
Percent of People with Each Score
Percentile by Number Answered
Your Score History
You have not taken this quiz